|
|
|
|
| LEADER |
01390nam a2200385 a 4500 |
| 001 |
000545948 |
| 003 |
CZ BrMZK |
| 005 |
20061220133815.0 |
| 007 |
ta |
| 008 |
000115s2001 xr g fdcze d |
| 015 |
|
|
|a cnb000986848
|
| 020 |
|
|
|a 80-86278-96-4
|
| 035 |
|
|
|a (OCoLC)46963636
|
| 040 |
|
|
|a BOA001
|b cze
|
| 043 |
|
|
|a f-ua---
|
| 072 |
|
7 |
|a 821.133.1-3
|x Francouzská próza, francouzsky psaná
|2 Konspekt
|9 25
|
| 080 |
|
|
|a 821.133.1-31
|2 MRF
|
| 080 |
|
|
|a 94(32)
|2 MRF
|
| 080 |
|
|
|a (0:82-311.6)
|2 MRF
|
| 100 |
1 |
|
|a Petrie, John
|
| 245 |
1 |
0 |
|a Písař.
|n 2,
|p Chrám hrůzy /
|c John Petrie ; [z francouzštiny přeložila Eva Ruxová]
|
| 246 |
3 |
0 |
|a Chrám hrůzy
|
| 250 |
|
|
|a Vyd. 1.
|
| 260 |
|
|
|a Praha :
|b Beta-Dobrovský & Ševčík,
|c 2001
|
| 300 |
|
|
|a 159 s. ;
|c 23 cm
|
| 500 |
|
|
|a Díl označen jako ** [dvě hvězdičky]
|
| 655 |
|
7 |
|a francouzské romány
|7 fd132289
|2 czenas
|
| 655 |
|
7 |
|a historické romány
|7 fd132414
|2 czenas
|
| 651 |
|
7 |
|a starověký Egypt
|7 ge146585
|2 czenas
|
| 700 |
1 |
|
|a Ruxová, Eva,
|d 1923-
|7 jk01103117
|
| 765 |
0 |
|
|t <<Le >>scribe, Le temple des terreurs
|
| 856 |
4 |
1 |
|u http://www.digitalniknihovna.cz/mzk/uuid/uuid:66276da0-f129-11e3-b72e-005056827e52
|y Digitalizovaný dokument
|x NDK
|
| 910 |
|
|
|a BOA001
|b 2-1073.484,2
|
| 990 |
|
|
|a BK
|
| 996 |
6 |
|
|b 2610127449
|c 2-1073.484,2
|l MZK
|r Sklad / do 1 hodiny
|n 0
|p p.v.
|w 000545948
|u 000010
|a 1
|e BOA001
|j MZK50
|s P
|